Normal view
MARC view
- Pinder, George Francis,
Entry Personal Name
001 - CONTROL NUMBER
- control field: 102446
003 - CONTROL NUMBER IDENTIFIER
- control field: NUST
005 - DATE AND TIME OF LATEST TRANSACTION
- control field: 20221107175907.0
008 - FIXED-LENGTH DATA ELEMENTS
- fixed length control field: 221107|| aca||aabn | a|a d
040 ## - CATALOGING SOURCE
- Original cataloging agency: NUST
- Transcribing agency: NUST
100 ## - HEADING--PERSONAL NAME
- Personal name: Pinder, George Francis,
- Dates associated with a name: 1942-
670 ## - SOURCE DATA FOUND
- Source citation: Work cat.: (NUST)181848: Hromadka, Theodore V. 39078, Lecture notes in engineering :, c1987.
